000 00513nam a2200205Ia 4500
005 20250425162611.0
008 250425s9999 xx 000 0 und d
020 _a9684225547
041 _aspa
082 _a620.0042
100 _aSHIGLEY, JOSEPH EDWARD
245 0 _aMANUAL DE DISEÑO MECANICO
250 _a3A ED.
260 _aMEXICO
260 _aMéxico
_bMC GRAW HILL
_c1989
650 _aDISEÑO MECANICO
700 _aFRANCISCO PINIAGUA BOCANEGRA
_etraductor
942 _c01
010 _a89304
999 _c232586
_d232586